Зимний соловей: эссе

Detalhes bibliográficos
Autor principal: Дурова Н. Ю. Наталья Юрьевна
Outros Autores: Сысков В. (иллюстратор), Мотяшов И. Игорь (автор предисловия)
Resumo:Авт. и загл. указаны на корешке
В суперобложке.
Idioma:russo
Publicado em: Пермь, Пермское книжное издательство, 1989
Assuntos:
Formato: Livro
KOHA link:https://koha.lib.tpu.ru/cgi-bin/koha/opac-detail.pl?biblionumber=245479

MARC

LEADER 00000nam0a2200000 4500
001 245479
005 20231101232129.0
010 |a 576250073Х  |b 5000 экз. 
035 |a (RuTPU)RU\TPU\book\266888 
090 |a 245479 
100 |a 20131112d1989 m y0rusy50 ca 
101 0 |a rus 
102 |a RU 
105 |a c z 000cy 
200 1 |a Зимний соловей  |e эссе  |f Н. Ю. Дурова  |g  авт. послесл. И. Мотяшов ; худож. В. Сысков  
210 |a Пермь  |c Пермское книжное издательство  |d 1989 
215 |a 135 с.  |c портр.  |d 9,5 см. 
300 |a Авт. и загл. указаны на корешке 
300 |a В суперобложке. 
606 1 |a Животные дрессированные  |2 stltpush  |3 (RuTPU)RU\TPU\subj\10860  |9 37874 
606 1 |a Цирковое искусство  |2 stltpush  |3 (RuTPU)RU\TPU\subj\18321  |9 43776 
610 1 |a русская литература 
610 1 |a 20 век 
610 1 |a очерки 
610 1 |a миниатюрные издания 
675 |a 791.8  |v 3 
686 |a Ч611.68  |v LBC/SL-A  |2 rubbk 
700 1 |a Дурова  |b Н. Ю.  |g Наталья Юрьевна 
702 1 |a Сысков  |b В.  |4 440 
702 1 |a Мотяшов  |b И.  |g Игорь  |4 080 
801 1 |a RU  |b 63413507  |c 20131112 
801 2 |a RU  |b 63413507  |c 20171215  |g RCR 
942 |c BK